Políticas de juventud en América Latina: los desafíos del futuro /
Bewaard in:
| Hoofdauteur: | |
|---|---|
| Coauteurs: | , |
| Formaat: | Texto |
| Gepubliceerd in: |
México:
CREA
|
| Tags: |
Voeg label toe
Geen labels, Wees de eerste die dit record labelt!
|
MARC
| LEADER | 00000 a a2200000 04500 | ||
|---|---|---|---|
| 001 | 23825 | ||
| 003 | |||
| 040 | |||
| 090 | |a 168700 | ||
| 100 | |a Rodríguez, Ernesto | ||
| 110 | |a Centro de Estudios sobre la Juventud Mexicana | ||
| 245 | |a Políticas de juventud en América Latina: los desafíos del futuro / |c Centro de Estudios sobre la Juventud Mexicana | ||
| 260 | |a México: |b CREA | ||
| 300 | |a 29 p. | ||
| 710 | |a CREA |a UNESCO | ||
| 999 | |c 2416 |d 2416 | ||
